| 000 | 00371nam a22001697a 4500 | ||
|---|---|---|---|
| 999 |
_c11552 _d11552 |
||
| 003 | OSt | ||
| 008 | 220923b ||||| |||| 00| 0 eng d | ||
| 020 | _a9789353162344 | ||
| 082 | _a005.133 BAP | ||
| 100 | _aBALAGURUSAMY,E | ||
| 245 | _aProgramming With JAVA | ||
| 250 | _a6th | ||
| 260 |
_aNew Delhi _bTMH _c2021 |
||
| 300 | _a586 | ||
| 650 | _aIT | ||
| 942 |
_2ddc _cBK |
||